[Event "Muensterland Regionalliga Gr1 2223"]
[Site "Germany"]
[Date "2023.02.04"]
[Round "6.2"]
[White "Blockhaus, Tobias"]
[Black "Ottens, Stephan"]
[Result "0-1"]
[WhiteElo "1868"]
[BlackElo "2103"]
[PlyCount "56"]
[EventDate "2022.09.03"]
[EventType "team-tourn"]
[EventRounds "7"]
[EventCountry "GER"]
[SourceTitle "EXT 2024"]
[Source "ChessBase"]
[SourceDate "2023.10.10"]
[SourceVersion "1"]
[SourceVersionDate "2023.10.10"]
[SourceQuality "1"]
[WhiteTeam "Muenster SK IV"]
[BlackTeam "Rheine Klein Berlin"]
[WhiteTeamCountry "GER"]
[BlackTeamCountry "GER"]

1. e4 c5 2. c3 d5 3. exd5 Qxd5 4. d4 Nf6 5. Nf3 Nc6 6. Be2 e6 7. 0-0 cxd4 8. cxd4 Be7 9. Nc3 Qd6 10. a3 0-0 11. h3 a6 12. Be3 Rd8 13. Qd2 b5 14. b4 Bb7 15. Rad1 Rac8 16. Rfe1 Qc7 17. Rc1 Qb8 18. Rcd1 Nxb4 19. Bf4 Qa8 20. Bg5 Nbd5 21. Nxd5 Bxd5 22. Bd3 Bxf3 23. gxf3 Qa7 24. Bb1 g6 25. Ba2 Nd5 26. Re4 Bxg5 27. Qxg5 Nc3 28. Rh4 Nxa2 0-1

[Event "Duesseldorf Nord Cup 9th GrK"]
[Site "Duesseldorf"]
[Date "2009.08.15"]
[Round "3"]
[White "Memmesheimer, Thomas"]
[Black "Blockhaus, Tobias"]
[Result "1/2-1/2"]
[WhiteElo "1489"]
[BlackElo "1493"]
[PlyCount "43"]
[EventDate "2009.08.14"]
[EventType "tourn"]
[EventRounds "5"]
[EventCountry "GER"]
[SourceTitle "EXT 2020"]
[Source "ChessBase"]
[SourceDate "2019.10.17"]
[SourceVersion "1"]
[SourceVersionDate "2019.10.17"]
[SourceQuality "1"]

1. d4 d5 2. Nf3 Bf5 3. Bf4 Nf6 4. e3 e6 5. Nbd2 Bd6 6. Ne5 Nbd7 7. c4 c5 8. cxd5 Bxe5 9. dxe5 Nxd5 10. Bg3 Nb4 11. e4 Bg6 12. a3 Nc6 13. f4 Nb6 14. Bb5 Rc8 15. Bf2 a6 16. Bxc6+ Rxc6 17. Rc1 Qd3 18. Qc2 Qxc2 19. Rxc2 0-0 20. g4 f6 21. f5 Bf7 22. exf6 1/2-1/2